Ks. Piotr Skarga SJ (1536 - 1612): życie i dziedzictwo

Titel: Ks. Piotr Skarga SJ (1536 - 1612): życie i dziedzictwo : rok jubileuszowy = Fr. Peter Skarga SJ (1536 - 1612): life and heritage / red. Roman Darowski ...
Beteiligt:
Veröffentlicht: Kraków : Wydawn. WAM, 2012
Umfang: 436 Seiten : Illustrationen, Notenbeispiele
Format: Buch
Sprache: Polnisch
Schlagworte:
ISBN: 837614071X ; 8377670526 ; 9788376140711 ; 9788377670521
Buchumschlag
X
Lokale Klassifikation: 2 S 516
alg: 30347915
001A    $03004:22-06-12 
001B    $01999:08-06-25 $t17:37:44.000 
001D    $03004:19-09-12 
001U    $0utf8 
001X    $00 
002@    $0Aau 
002C    $aText $btxt $2rdacontent 
002D    $aohne Hilfsmittel zu benutzen $bn $2rdamedia 
002E    $aBand $bnc $2rdacarrier 
003@    $0303479159 
004A    $083-7614-071-X 
004A    $083-7767-052-6 
004A    $A978-83-7614-071-1 
004A    $A978-83-7767-052-1 
007A    $0BV040131059 $aBVB 
007G    $0DE020BC3655D3F49BCC8FC1257A87003506AD 
007T    $0Herdhh303479159 
009P    $qapplication/pdf $A2 $3Inhaltsverzeichnis $uhttp://scans.hebis.de/HEBCGI/show.pl?30347915_toc.pdf $mV:DE-603;B:DE-Mb50 
010@    $apol 
011@    $a2012 
013D    $RBiograf $RLebenslauf $RBiografik $#Biographies $#Biography $#Biographies -- Histoire et critique $#Biographie $#Biographisches Nachschlagewerk $#Lebensbeschreibung $#Berühmte Persönlichkeit Biografie $#Biografisches Nachschlagewerk $74006804-3 $8Biografie [Ts1] $9085010375 
021A    $aKs. Piotr Skarga SJ (1536 - 1612): życie i dziedzictwo $drok jubileuszowy $fFr. Peter Skarga SJ (1536 - 1612): life and heritage $hred. Roman Darowski ... 
027A    $aFr. Peter Skarga SJ (1536 - 1612) : life and heritage 
028C    $#Darowski, Romano $7132264684 $8Darowski, Roman$Z1935-2017 [Tp1] $9182366812 
033A    $pKraków $nWydawn. WAM 
034D    $a436 Seiten 
034M    $aIllustrationen, Notenbeispiele 
037A    $aLiteraturverzeichnis Seite [391] - 418 
044K    $#Skarga, Piotr $#Pawe̜zki, Piotr Skarga $#Powe̜ski, P. $#Skarga, Pierre $#Skarga, Petr $#Scarga von Paveski, Petrus $#Skarga, Peter $#Scarga, Petro $#Scarga, Petrus $#Scharga, Pjotr $#Scharga, Petrus $#Pawezki, Piotr Skarga $#Pawezki, Piotr $#Poweski, Piotr $#Poweski, Piotr Skarga $#Skarha, Petro $#Skarga, Petro $7119327384 $8Skarga, Piotr$Z1536-1612 [Tp1] $9087667193 
046L    $aZusammenfassung in englischer Sprache 

lok: 30347915 6
101B    $012-11-14 $t16:12:11.000 
101C    $012-11-14 
101U    $0utf8 
147A    $amö 

exp: 30347915 6 1 #EPN
201B/01 $012-11-14 $t16:12:11.000 
201C/01 $010-07-13 
201U/01 $0utf8 
203@/01 $0684777959 
208@/01 $a12-11-14 $bz 
209A/01 $a14 A 2849 $du $f042 $x00 
209C/01 $a14/8359 
209G/01 $a02268477 $x00 
247C/01 $8608042-x Frankfurt, Bibliothek der Philosophisch-Theologischen Hochschule St. Georgen, Frankfurt $9102601038 

lok: 30347915 24
101B    $019-09-12 $t15:51:10.000 
101C    $019-09-12 
101U    $0utf8 
145Z/01 $a2 S 516 

exp: 30347915 24 1 #EPN
201B/01 $019-09-12 $t15:51:10.000 
201C/01 $022-06-12 
201U/01 $0utf8 
203@/01 $0644813075 
208@/01 $a19-09-12 $bz 
209A/01 $a12.06305 $du $f050 $h12 06305 $x00 
209C/01 $a12.06305 K $h12 06305 K 
209G/01 $a73088704 $x00 
220C/01 $anie 
244Z/01 $#Skarga, Piotr $#Pawe̜zki, Piotr Skarga $#Powe̜ski, P. $#Skarga, Pierre $#Skarga, Petr $#Scarga von Paveski, Petrus $#Skarga, Peter $#Scarga, Petro $#Scarga, Petrus $#Scharga, Pjotr $#Scharga, Petrus $#Pawezki, Piotr Skarga $#Pawezki, Piotr $#Poweski, Piotr $#Poweski, Piotr Skarga $#Skarha, Petro $#Skarga, Petro $7119327384 $8--Tp1--Skarga, Piotr$Z1536-1612 $x01 $9087667193 
247C/01 $8358050-7 Marburg, Bibliothek des Herder-Instituts Marburg $9102600961 

lok: 30347915 78

exp: 30347915 78 1 #EPN
201B/01 $019-04-17 $t22:06:01.000 
201U/01 $0utf8 
203@/01 $0793893232 
208@/01 $a12-11-16 $be 
209A/01 $a/ $f000 $x00 
244Z/01 $2Trx $#dzieło zbiorowe $8--Trx--Sammelwerk $x01 $9391384597 
247C/01 $82080>Marburg/Lahn, Herder-Institut, Forschungsbibliothek, Bibliographieportal $9336309341
LEADER 00000cam a2200000 c 4500
001 303479159
003 DE-603
005 20250608173744.0
007 tu
008 120622s2012 xx |||| | u00||u|pol c
020 |a 837614071X 
020 |a 8377670526 
020 |a 9788376140711 
020 |a 9788377670521 
035 |a (DE-599)BVBBV040131059 
040 |a DE-603  |b ger  |c DE-603  |d DE-603 
041 |a pol 
245 0 0 |a Ks. Piotr Skarga SJ (1536 - 1612): życie i dziedzictwo  |b rok jubileuszowy = Fr. Peter Skarga SJ (1536 - 1612): life and heritage  |c red. Roman Darowski ... 
246 1 3 |a Fr. Peter Skarga SJ (1536 - 1612) : life and heritage 
264 1 |a Kraków  |b Wydawn. WAM  |c 2012 
300 |a 436 Seiten  |b Illustrationen, Notenbeispiele 
336 |a Text  |b txt  |2 rdacontent 
337 |a ohne Hilfsmittel zu benutzen  |b n  |2 rdamedia 
338 |a Band  |b nc  |2 rdacarrier 
500 |a Literaturverzeichnis Seite [391] - 418 
546 |a Zusammenfassung in englischer Sprache 
600 1 7 |a Skarga, Piotr  |d 1536-1612  |0 (DE-588)119327384  |0 (DE-603)087667193  |2 gnd 
655 7 |a Biografie  |2 gnd-content  |0 (DE-588)4006804-3  |0 (DE-603)085010375 
700 1 |a Darowski, Roman  |d 1935-2017  |0 (DE-603)182366812  |0 (DE-588)132264684  |2 gnd 
856 4 2 |m V:DE-603;B:DE-Mb50  |q application/pdf  |u http://scans.hebis.de/HEBCGI/show.pl?30347915_toc.pdf  |3 Inhaltsverzeichnis 
924 0 |9 F 42  |a (DE-603)684777959  |b DE-F42  |c HES  |d c  |g 14 A 2849 
924 0 |9 Mb 50  |a (DE-603)644813075  |b DE-Mb50  |c HES  |d c  |g 12.06305 
924 0 |9 2080  |a (DE-603)793893232  |b DE-2080  |c HES  |d d  |g /